000 00380nam a2200145Ia 4500
008 090124s9999 xx 000 0 und d
082 _b35337
245 _a सगे - सोयरे
250 _a1
260 _bचिटणीस अशोक
_c2008
300 _a247
630 _a सगे - सोयरे
730 _a सगे - सोयरे
942 _cBOOK
999 _c200325
_d200325